000 00441nam a2200169Ia 4500
003 LK-CoDNM
008 010623t1920 xxu||||| |||| 00| 1 sin d
040 _aLK-CoDNM
_dLK-CoDNM
_eLK-CoDNM
041 _asin
080 _a104 C 14
100 _aAmarasingha,F.P.
245 _aමව් පිය උපස්ථානය
246 _aMaw Piya Upasthaanaya
260 _bSamayavardana
_aColombo
_c1920
300 _b9p, 21 cm
942 _cBK
999 _c90239
_d90239